LEADER 03574oam 2200793 c 450 001 9910485578703321 005 20260302090207.0 010 $a9783839456897 010 $a3839456894 024 7 $a10.14361/9783839456897 035 $a(CKB)5470000000557312 035 $a(DE-B1597)577751 035 $a(OCoLC)1253313321 035 $a(DE-B1597)9783839456897 035 $a(MiAaPQ)EBC6753907 035 $a(Au-PeEL)EBL6753907 035 $a(OCoLC)1266291624 035 $a(transcript Verlag)9783839456897 035 $a(MiAaPQ)EBC6956310 035 $a(Au-PeEL)EBL6956310 035 $a(oapen)https://directory.doabooks.org/handle/20.500.12854/70909 035 $a(MiAaPQ)EBC30591518 035 $a(Au-PeEL)EBL30591518 035 $a(ScCtBLL)49e2fe43-a476-45ad-ab20-c6839a8e1622 035 $a(Perlego)2376473 035 $a(oapen)doab70909 035 $a(EXLCZ)995470000000557312 100 $a20260302d2021 uy 0 101 0 $aeng 135 $aur||#|||||||| 181 $ctxt$2rdacontent 182 $cc$2rdamedia 183 $acr$2rdacarrier 200 10$aAuthority and Authorship in Medieval and Seventeenth Century Women's Visionary Writings$fDeborah Frick 205 $a1st ed. 210 $aBielefeld$ctranscript Verlag$d2021 215 $a1 online resource (156 p.) 225 0 $aLettre 311 08$a9783837656893 311 08$a3837656896 327 $tFrontmatter --$tContents --$tConventions --$tIntroduction --$tChapter 1: Weakness and Illness - The Female Body --$tChapter 2: Women and Politics --$tChapter 3: The Vessel of God - Voice vs. Mouthpiece --$tConclusion --$tBibliography 330 $aIn medieval and early modern times, female visionary writers used the mode of prophecy to voice their concerns and ideas, against the backdrop of cultural restrictions and negative stereotypes. In this book, Deborah Frick analyses medieval visionary writings by Julian of Norwich and Margery Kempe in comparison to seventeenth-century visionary writings by authors such as Anna Trapnel, Mary Carey, Anne Wentworth and Katherine Chidley, in order to investigate how these women authorised themselves in their writings and what topoi they use to find a voice and place of their own. This comparison, furthermore, and the strikingly similar topoi that are used by the female visionaries not only allows to question and examine topics such as authority, authorship, images of voice and body; it also breaks down preconceived and artificial boundaries and definitions. 330 1 $aBesprochen in:Das Mittelalter, 27/1 (2022), Nicole Oesterreich 410 0$aLettre 517 2 $aFrick, Authority and Authorship in Medieval and ... 606 $aGender 606 $aAuthority 606 $aAuthorship 606 $aVisionary Writings 606 $aVoice 606 $aLiterature 606 $aBritish Studies 606 $aLiterary Studies 615 4$aGender 615 4$aAuthority 615 4$aAuthorship 615 4$aVisionary Writings 615 4$aVoice 615 4$aLiterature 615 4$aBritish Studies 615 4$aLiterary Studies 700 $aFrick$b Deborah$p
Deborah Frick, Universität Zürich, Schweiz
$4aut$01888440 712 02$aSwiss National Science Foundation (SNSF)$4fnd$4http://id.loc.gov/vocabulary/relators/fnd 801 0$bDE-B1597 801 1$bDE-B1597 906 $aBOOK 912 $a9910485578703321 996 $aAuthority and Authorship in Medieval and Seventeenth Century Women's Visionary Writings$94527316 997 $aUNINA